Thất bại : Tiểu thuyết

Saved in:
Bibliographic Details
Main Author: Chanđrơ, Krisan
Format: Book
Language:Undetermined
Published: Hà Nội Phụ Nữ 1986
Subjects:
Tags: Add Tag
No Tags, Be the first to tag this record!
Institutions: Trung tâm Học liệu Trường Đại học Cần Thơ
LEADER 00563nam a2200193Ia 4500
001 CTU_16033
008 210402s9999 xx 000 0 und d
082 |a 891.4393 
082 |b C454 
100 |a Chanđrơ, Krisan 
245 0 |a Thất bại : 
245 0 |b Tiểu thuyết 
245 0 |c San Chanđrơ ; Vũ Đình Bình ( dịch ) 
260 |a Hà Nội 
260 |b Phụ Nữ 
260 |c 1986 
650 |a Indic literature 
904 |i Minh, Qhieu đã sửa trong CSDL 
980 |a Trung tâm Học liệu Trường Đại học Cần Thơ